000
00211nam a22001097a 4500
041
_a
eng
080
_a
80
100
_a
Brunel, F.
245
_a
La Dictee-Questions au Brevet
650
_a
French
999
_c
278076
_d
278076
942
_c
BK